000 00439nam a22001697a 4500
005 20180704130405.0
008 160622b xxu||||| |||| 00| 0 eng d
020 _a978-81-203-03537-0
041 _aeng
082 _b8925
_a658.152
100 _aGomez, Clifford
_92457
245 _aFinancial Markets, Institutions and Financial Services
260 _bPHI
_c2008
_anew delhi
300 _a493p,
650 _aManagement
_9241
942 _cBK
999 _c3491
_d3490